[Event "I AEAP OPEN 2018"]
[Site "http://www.queenalice.com/game.php?id=1535302"]
[Date "2018.7.18"]
[Round "1"]
[White "antcabral"]
[Black "MarcosT"]
[Result "1-0"]
[WhiteElo "1847"]
[BlackElo "1960"]

1. e4 c5 2. Bc4 e6 3. Nf3 Nc6 4. c3 Be7 5. d3 Nf6 6. h3 h6 7. O-O a6 8. Bf4 d5
9. Bb3 Na5 10. e5 Nxb3 11. Qxb3 Nd7 12. Nbd2 O-O 13. Qa4 b5 14. Qb3 c4 15. Qc2
Bb7 16. d4 a5 17. b3 Ba6 18. a4 bxa4 19. bxa4 Nb8 20. Rfb1 Nc6 21. Rb6 Qxb6 22.
Rb1 Qd8 23. g4 Rb8 24. Ra1 Bg5 25. Bg3 Rb7 26. Nf1 Nb8 27. h4 Be7 28. Bf4 Bxh4
29. N1h2 Be7 30. Kg2 Nc6 31. Rh1 Rb8 32. Nf1 Bc8 33. Ng3 Bd7 34. Qc1 f6 35. Bxh6
fxe5 36. Bxg7 Kxg7 37. Qh6+ Kf7 38. Qh5+ 1-0

[Event "OS INCLIVES"]
[Site "http://www.queenalice.com/game.php?id=1543253"]
[Date "2018.9.22"]
[Round "-"]
[White "adelio"]
[Black "antcabral"]
[Result "1-0"]
[WhiteElo "1385"]
[BlackElo "1870"]

1. d4 d5 2. e4 dxe4 3. Nc3 Bf5 4. f3 a6 5. fxe4 Bg6 6. Be3 e6 7. a3 Bd6 8. Be2
h6 9. g3 c6 10. b4 Ne7 11. Nh3 O-O 12. Nf4 Bh7 13. Nh5 Bg6 14. O-O Qc7 15. Nxg7
Kxg7 16. Qd2 Rh8 17. Bd3 Qd8 18. e5 Bc7 19. Bxg6 fxg6 20. Rf2 h5 21. Bg5 Nd7 22.
Raf1 Rg8 23. Bh6+ Kh7 24. Rf7+ Kh8 25. Bg7+ 1-0

[Event "OS INCLIVES"]
[Site "http://www.queenalice.com/game.php?id=1543254"]
[Date "2018.9.22"]
[Round "-"]
[White "antcabral"]
[Black "adelio"]
[Result "1-0"]
[WhiteElo "1868"]
[BlackElo "1339"]

1. e4 a6 2. Bc4 e6 3. Qe2 b5 4. Bb3 Be7 5. Nf3 c5 6. d3 g6 7. h3 d6 8. O-O Nf6
9. Bh6 Nbd7 10. Bg7 Rg8 11. Bh6 Ne5 12. c4 Nxf3+ 13. Qxf3 Nh5 14. e5 f6 15. Qxa8
dxe5 16. Qc6+ Kf7 17. Qe4 b4 18. Nd2 Qd4 19. Qf3 Qxb2 20. Rab1 Qxd2 21. Bxd2 Nf4
22. a3 a5 23. axb4 Bd7 24. bxc5 Bxc5 25. Qb7 Ke7 26. Ba4 Rd8 27. Qc7 Nxd3 28.
Bxa5 Kf7 29. Qxd8 Bxf2+ 30. Kh1 Nc5 31. Rxf2 Bxa4 32. Qxf6+ 1-0

[Event "I AEAP OPEN 2018"]
[Site "http://www.queenalice.com/game.php?id=1544646"]
[Date "2018.10.2"]
[Round "2"]
[White "frankcasadio"]
[Black "antcabral"]
[Result "1-0"]
[WhiteElo "2077"]
[BlackElo "1844"]

1. e4 e5 2. Nf3 Nc6 3. Bc4 h6 4. d4 Nf6 5. Nxe5 Qe7 6. Bxf7+ Kd8 7. Bg6 Nxe5 8.
dxe5 Ng8 9. Qd5 c6 10. Qa5+ b6 11. Qc3 Qh4 12. Qf3 Bc5 13. Be3 Ne7 14. Bxc5 Nxg6
15. Bd6 Re8 16. Nc3 Qg5 17. Qg3 Qxg3 18. hxg3 a5 19. f4 Ba6 20. O-O-O Bc4 21. b3
Bf7 22. Rd2 b5 23. a4 b4 24. Ne2 c5 25. Bxc5 Ra6 26. Rd6 Rxd6 27. Bxd6 Ne7 28.
Bxe7+ Rxe7 29. Nd4 Ke8 30. Rd1 Kf8 31. Nb5 Be8 32. Rd5 Re6 33. Nd6 Kg8 34. Rxa5
Rg6 35. Ra8 1-0

[Event "Challenge"]
[Site "http://www.queenalice.com/game.php?id=1559543"]
[Date "2019.2.4"]
[Round "-"]
[White "frankcasadio"]
[Black "antcabral"]
[Result "1-0"]
[WhiteElo "2110"]
[BlackElo "1837"]

1. e4 e5 2. Nf3 Nc6 3. Bc4 h6 4. d4 Na5 5. Qe2 d6 6. dxe5 Bg4 7. Bb5+ c6 8. Ba4
dxe5 9. h3 Be6 10. Bb3 Qe7 11. Bxe6 Qxe6 12. b3 Bd6 13. Bd2 Bc7 14. Nc3 Nf6 15.
Nh4 O-O 16. Nf5 Rad8 17. O-O-O Nh7 18. Qg4 g5 19. h4 Qg6 20. Ne7+ Kh8 21. Nxg6+
fxg6 22. hxg5 h5 23. Qe6 Rg8 24. Be3 Rde8 25. Qh3 b6 26. g4 Nb7 27. gxh5 Re6 28.
hxg6 Rg7 29. Qxe6 1-0

[Event "AUTO-ADV-4216"]
[Site "http://www.queenalice.com/game.php?id=1579635"]
[Date "2019.8.7"]
[Round "1"]
[White "antcabral"]
[Black "maurice91"]
[Result "0-1"]
[WhiteElo "1797"]
[BlackElo "1841"]

1. e4 c6 2. Nf3 d6 3. h3 Nd7 4. Bc4 e6 5. O-O h6 6. d3 g5 7. Re1 Bg7 8. c3 Ne7
9. Be3 Nf8 10. Nbd2 Ng8 11. a4 a6 12. d4 Ng6 13. b4 d5 14. Bd3 dxe4 15. Nxe4
N8e7 16. Ng3 b6 17. Be4 Bb7 18. Bd3 Rc8 19. Bc4 b5 20. Bb3 O-O 21. Qc2 Nd5 22.
axb5 cxb5 23. Bd2 Nxb4 24. Qb1 Nd5 25. Qc1 a5 26. Qb2 a4 27. Bc2 Ba6 28. Qa2
Nxc3 29. Qb2 b4 30. Re3 Bxd4 31. Ree1 Ne2+ 32. Nxe2 Bxb2 33. Ra2 Bxe2 34. Rxb2
Bxf3 35. Bxa4 Bd5 36. Rxb4 Nf4 37. Rd4 Qf6 38. Be3 Nxg2 39. Re2 Nxe3 40. fxe3
Qf3 41. Rdd2 Qh1+ 0-1

[Event "AUTO-ADV-4216"]
[Site "http://www.queenalice.com/game.php?id=1579636"]
[Date "2019.8.7"]
[Round "1"]
[White "maurice91"]
[Black "antcabral"]
[Result "0-1"]
[WhiteElo "1878"]
[BlackElo "1774"]

1. d4 d5 2. Bf4 e6 3. Nf3 h6 4. h3 Nc6 5. e3 a6 6. Nbd2 Nf6 7. Be2 Bd6 8. Ne5
Ne7 9. Bh2 Nf5 10. f4 c6 11. Ndf3 Bb4+ 12. c3 Ba5 13. Qc2 O-O 14. Qd3 Ne8 15. g4
Nfd6 16. f5 Nc7 17. Bg3 Nde8 18. h4 Nf6 19. g5 Ne4 20. Bf4 h5 21. fxe6 Nxe6 22.
O-O-O g6 23. Nd2 Nf2 24. Qc2 Nxh1 25. Rxh1 Ng7 26. Bd3 Bf5 27. e4 dxe4 28. Bxe4
Bc7 29. Bxf5 Nxf5 30. Qb3 b5 31. Nxg6 Re8 32. Ne5 Nd6 33. Nxc6 Qd7 34. Ne5 Qf5
35. Bg3 Re7 36. Rf1 Qh3 37. c4 Rb8 38. c5 Nc4 39. Nc6 Re3 40. Qxe3 Nxe3 41. Bxc7
Rb7 42. Bf4 Nxf1 43. Ne5 Qh1 44. Ndf3 Ne3+ 45. Kd2 Nc4+ 46. Kc3 Qg2 47. Bc1 Qe2
48. Nd2 Qe3+ 49. Nd3 Qe6 50. b3 Ne3 51. Ne5 Qf5 52. Nd3 Nd5+ 53. Kc2 b4 54. Nc4
Qe4 55. Bd2 Qxd4 56. Nd6 Rc7 57. Nc4 Qa1 58. Ndb2 a5 59. Nxa5 Rxc5+ 60. Nac4 Rc7
61. Nd3 Re7 62. Nxb4 Nxb4+ 63. Bxb4 Re2+ 64. Bd2 Qxa2+ 65. Kd3 Rg2 66. b4 Qb3+
67. Kd4 Rg4+ 68. Kc5 Qxc4+ 69. Kb6 Re4 70. Ka5 Qa2+ 71. Kb5 Re5+ 72. Kc6 Qd5+
73. Kb6 Re6+ 74. Kc7 Qc6+ 75. Kb8 Re7 76. g6 Qb7# 0-1

[Event "AUTO-ADV-4216"]
[Site "http://www.queenalice.com/game.php?id=1579637"]
[Date "2019.8.7"]
[Round "1"]
[White "antcabral"]
[Black "pedone"]
[Result "0-1"]
[WhiteElo "1809"]
[BlackElo "1900"]

1. e4 c6 2. Qh5 Nf6 3. Qe5 Qb6 4. Nc3 d6 5. Qf4 e5 6. Qh4 Nbd7 7. b3 Be7 8. Qg5
O-O 9. h3 Nxe4 10. Qe3 Nxc3 11. Qxc3 d5 12. a3 Bc5 13. Qg3 Re8 14. Kd1 Bxf2 15.
Qh2 Nf6 16. Ne2 Ne4 17. d3 Bd4 18. c3 Qxb3+ 19. Ke1 Bf2# 0-1

[Event "AUTO-ADV-4216"]
[Site "http://www.queenalice.com/game.php?id=1579638"]
[Date "2019.8.7"]
[Round "1"]
[White "pedone"]
[Black "antcabral"]
[Result "1-0"]
[WhiteElo "1887"]
[BlackElo "1822"]

1. e4 e5 2. Nf3 Bd6 3. Bc4 Nf6 4. d3 h6 5. c3 a6 6. a4 a5 7. O-O Ng4 8. h3 h5 9.
Bg5 f6 10. Bc1 Qe7 11. hxg4 Qf7 12. Bxf7+ Kxf7 13. gxh5 Rxh5 14. g4 Rh6 15. Bxh6
gxh6 16. Kg2 Bf8 17. Rh1 d6 18. Qb3+ Kg7 19. Kg3 Bd7 20. Qxb7 Bc6 21. Qxc7+ Bd7
22. Nbd2 Kg6 23. Nc4 1-0

[Event "AUTO-ADV-4216"]
[Site "http://www.queenalice.com/game.php?id=1579639"]
[Date "2019.8.7"]
[Round "1"]
[White "antcabral"]
[Black "Pin"]
[Result "0-1"]
[WhiteElo "1783"]
[BlackElo "1966"]

1. e4 c5 2. Bc4 e6 3. Nf3 d6 4. O-O Nc6 5. c3 Nf6 6. d3 Be7 7. h3 O-O 8. a3 a6
9. Bf4 Bd7 10. Nbd2 b5 11. Bb3 e5 12. Bg5 Na5 13. Ba2 Rb8 14. b4 Nb7 15. Rb1 Qc7
16. Rc1 Nd8 17. Be3 Ne6 18. Nb3 Nh5 19. Re1 Nhf4 20. Rc2 c4 21. dxc4 bxc4 22.
Nbd2 Nd3 23. Re2 Ba4 24. Nb3 cxb3 25. Rcd2 bxa2 26. Qa1 Ndf4 27. Re1 Bb3 28. Rf1
Rfc8 29. Rc1 Qc4 30. Ne1 Ne2+ 31. Kh1 Nxc1 32. Qxc1 Qxc3 33. Nc2 Bxc2 34. Rxc2
Qxc2 0-1

[Event "AUTO-ADV-4216"]
[Site "http://www.queenalice.com/game.php?id=1579640"]
[Date "2019.8.7"]
[Round "1"]
[White "Pin"]
[Black "antcabral"]
[Result "1-0"]
[WhiteElo "1975"]
[BlackElo "1832"]

1. e4 e5 2. Nf3 Nf6 3. Bc4 Nxe4 4. d4 Nc6 5. d5 Nd4 6. Nxd4 exd4 7. Qxd4 Qh4 8.
O-O Bc5 9. Qe5+ Kf8 10. Be3 d6 11. Bxc5 Nxc5 12. Qe2 Bd7 13. Nc3 Re8 14. Qf3
Qxc4 15. Rae1 Rd8 16. Re3 c6 17. dxc6 Bxc6 18. Qe2 Qh4 19. Re1 Qg5 20. Rg3 Qf5
21. Qe7+ 1-0

[Event "Challenge"]
[Site "http://www.queenalice.com/game.php?id=1580652"]
[Date "2019.8.17"]
[Round "-"]
[White "MADMIKE"]
[Black "antcabral"]
[Result "1-0"]
[WhiteElo "1806"]
[BlackElo "1794"]

1. d4 d5 2. Nc3 Nc6 3. Bf4 e6 4. a3 a6 5. Nf3 h6 6. e3 Bd7 7. Bd3 Nf6 8. O-O Bd6
9. Bxd6 cxd6 10. e4 dxe4 11. Nxe4 Qe7 12. b4 Ng4 13. h3 h5 14. Nh2 e5 15. dxe5
Ncxe5 16. Qd2 Rc8 17. f3 Nh6 18. a4 O-O 19. b5 d5 20. Ng3 Qc5+ 21. Kh1 Ra8 22.
Nxh5 f6 23. bxa6 bxa6 24. a5 Rab8 25. f4 Nef7 26. Bxa6 Bf5 27. c3 Ra8 28. Bd3
Bd7 29. a6 f5 30. Nf3 Qd6 31. Nd4 g6 32. Ng3 Bc8 33. Qe2 Bd7 34. Qd2 Rfc8 35.
Nge2 Qf6 36. Nf3 Bc6 37. Ned4 Bd7 38. a7 Nd6 39. Ne5 Be8 40. Bc2 Rc7 41. Rfb1
Nb7 42. Nb5 Re7 43. Qxd5+ Kg7 44. Nd4 Rc7 45. Ne6+ Kh7 46. Nxc7 Rd8 47. Qxb7 Bf7
48. a8=Q 1-0

[Event "Challenge"]
[Site "http://www.queenalice.com/game.php?id=1580653"]
[Date "2019.8.17"]
[Round "-"]
[White "antcabral"]
[Black "MADMIKE"]
[Result "1/2-1/2"]
[WhiteElo "1778"]
[BlackElo "1798"]

1. e4 e5 2. Nf3 d6 3. Nc3 a6 4. h3 Nf6 5. Bc4 h6 6. O-O Be7 7. d3 O-O 8. Be3 Nc6
9. a3 Be6 10. Bxe6 fxe6 11. Ne2 d5 12. Ng3 d4 13. Bd2 b5 14. b4 Bd6 15. Qc1 a5
16. c3 dxc3 17. Qxc3 axb4 18. Qxc6 bxa3 19. Qxb5 a2 20. Ne2 Nd7 21. Qb3 Nc5 22.
Qc4 Ra4 23. Qb5 Ra3 24. Nc1 Qe7 25. Qc4 Rfa8 26. Qc2 c6 27. Qb2 Nxd3 28. Nxd3
Rxd3 29. Ne1 Rda3 30. Nc2 R3a4 31. Rfe1 c5 32. Bc3 c4 33. Qb5 Qc7 34. Re3 Bc5
35. Rf3 R4a6 36. Qxc4 Rb6 37. Qe2 Rb1+ 38. Kh2 Bd4 39. Bxd4 exd4+ 40. g3 e5 41.
Rf5 Qd6 42. Qd3 Kh8 43. Rf3 Qb6 44. Qc4 Qb2 45. Rb3 Qc1 46. Rbxb1 Qxb1 47. Qd5
Ra4 48. Qc6 Ra5 49. Qc8+ Kh7 50. Qf5+ Kg8 51. Qc8+ Kh7 52. Qf5+ Kg8 53. Nb4 Qxa1
54. Nc6 Ra8 55. Ne7+ Kh8 56. Qg6 Rf8 57. Nf5 Rg8 58. Nxh6 Rf8 59. Nf7+ Rxf7 60.
Qxf7 Qb2 61. Qh5+ Kg8 62. Qe8+ Kh7 63. Qh5+ Kg8 64. Qe8+ Kh7 65. Qh5+ Kg8 66.
Qe8+ 1/2-1/2

[Event "AEAP 2020"]
[Site "http://www.queenalice.com/game.php?id=1613251"]
[Date "2020.5.22"]
[Round "1"]
[White "Lintz"]
[Black "antcabral"]
[Result "1-0"]
[WhiteElo "1840"]
[BlackElo "1765"]

1. e4 e5 2. Nf3 Bd6 3. b3 Nf6 4. d3 h6 5. Bb2 Ng4 6. Nbd2 Nc6 7. Be2 Bc5 8. O-O
d6 9. h3 h5 10. c3 Be6 11. a4 Ne7 12. b4 Bxf2+ 13. Rxf2 Ng6 14. Rf1 Nf4 15. h4
Ng6 16. g3 c6 17. Qc1 f6 18. Nh2 Ne3 19. Rf3 Ng4 20. Qf1 Nh6 21. Qf2 O-O 22. c4
a5 23. Bc3 b6 24. Qf1 c5 25. b5 Qd7 26. Qd1 f5 27. Qf1 f4 28. gxf4 exf4 29. Rf2
Bh3 30. Qe1 Nxh4 31. Bxh5 Qe7 32. Qe2 Qg5+ 33. Kh1 Ra7 34. Rg1 Qd8 35. Bg6 Re7
36. Qh5 Re6 37. Bxg7 Nxg6 38. Rxg6 Rxg6 39. Qxg6 Qe8 40. Qxh6 Kf7 41. Rxf4+ Ke7
42. Bxf8+ Kd8 43. Qxh3 1-0

[Event "Challenge"]
[Site "http://www.queenalice.com/game.php?id=1616434"]
[Date "2020.6.13"]
[Round "-"]
[White "MADMIKE"]
[Black "antcabral"]
[Result "1-0"]
[WhiteElo "1838"]
[BlackElo "1779"]

1. d4 d5 2. Nc3 c6 3. e4 e6 4. a3 h6 5. e5 Be7 6. Nf3 b5 7. Be2 Qa5 8. O-O b4 9.
Na2 bxa3 10. bxa3 Bxa3 11. Bd2 Qb6 12. Nc3 Be7 13. Na4 Qd8 14. Nc5 Bxc5 15. dxc5
Ne7 16. Nd4 O-O 17. f4 g6 18. f5 exf5 19. Bxh6 Re8 20. h3 Nd7 21. e6 Nxc5 22.
exf7+ Kxf7 23. Bg5 Ne4 24. Nxc6 Qb6+ 25. Nd4 Nxg5 26. c4 Bb7 27. Rb1 Qc7 28. Nb5
Qc5+ 29. Kh1 Nxh3 30. gxh3 dxc4+ 31. Bf3 Rh8 32. Nd6+ Kg7 33. Rxb7 Qe5 34. Re1
Rxh3+ 35. Kg1 Qg3+ 36. Bg2 Rh1+ 37. Kxh1 Rh8+ 38. Kg1 Qh2+ 39. Kf2 Qf4+ 40. Qf3
Qd2+ 41. Re2 Qd4+ 42. Qe3 Qh4+ 43. Qg3 Qd4+ 44. Kf1 Qd1+ 45. Kf2 Qd4+ 46. Qe3
Qh4+ 47. Qg3 Qd4+ 48. Ke1 Qg1+ 49. Kd2 Qd4+ 50. Kc2 Qd3+ 51. Qxd3 cxd3+ 52. Kxd3
Kf6 53. Rbxe7 Rd8 54. R2e6+ Kg5 55. Ke3 Rh8 56. Nf7+ 1-0

[Event "Challenge"]
[Site "http://www.queenalice.com/game.php?id=1616435"]
[Date "2020.6.13"]
[Round "-"]
[White "antcabral"]
[Black "MADMIKE"]
[Result "0-1"]
[WhiteElo "1752"]
[BlackElo "1843"]

1. e4 e5 2. Nf3 d6 3. h3 Nf6 4. Nc3 Be7 5. Bb5+ c6 6. Bc4 O-O 7. O-O b5 8. Bd3
a6 9. a3 Bb7 10. b4 Nbd7 11. Re1 c5 12. Rb1 c4 13. Bf1 h6 14. d3 cxd3 15. Bxd3
Qc7 16. Bd2 Nb6 17. Nh4 d5 18. Nf5 d4 19. Na2 Nbd7 20. Nxe7+ Kh8 21. Nf5 Nb6 22.
Bxh6 gxh6 23. Nxh6 Nh7 24. Qf3 f6 25. Be2 Nc4 26. Red1 Rad8 27. Qf5 Nd6 28. Qh5
Bxe4 29. Rd2 Qg7 30. f3 Bg6 31. Qh4 Nf5 32. Nxf5 Bxf5 33. Nc1 Rc8 34. Bd1 Bg6
35. Nb3 Kg8 36. Nc5 Qe7 37. Qh6 Qf7 38. Rc1 Qg7 39. Qh4 Bf7 40. Re2 Qg5 41.
Qxg5+ Nxg5 42. h4 Ne6 43. Nd7 Rfd8 44. Nxf6+ Kg7 45. Ng4 Rd5 46. Re4 Bg6 47. Re2
Nf4 48. Rf2 d3 49. c3 d2 50. Ra1 Rxc3 51. Ra2 Bh5 52. g3 Nh3+ 53. Kg2 Nxf2 54.
Nxf2 Rd4 55. g4 Bf7 56. Rb2 Rxa3 57. Rc2 Bc4 58. Rb2 a5 59. bxa5 Rxa5 60. Rc2 b4
61. Rb2 Bd5 62. h5 Ra3 63. Rc2 Ra7 0-1

[Event "AEAP 2020"]
[Site "http://www.queenalice.com/game.php?id=1630574"]
[Date "2020.10.22"]
[Round "2"]
[White "antcabral"]
[Black "MarcosT"]
[Result "0-1"]
[WhiteElo "1760"]
[BlackElo "1896"]

1. e4 c5 2. Bc4 e6 3. Nf3 Nc6 4. c3 a6 5. d3 b5 6. Bb3 h6 7. O-O Bb7 8. Bd2 d6
9. a3 Nf6 10. h3 Be7 11. Re1 O-O 12. Bf4 e5 13. Be3 Na5 14. Ba2 c4 15. d4 exd4
16. Nxd4 Nxe4 17. Qg4 Bg5 18. f3 Bxe3+ 19. Rxe3 Nf6 20. Qg3 Qb6 21. Nd2 Nc6 22.
Nf5 Nh5 23. Nxh6+ Kh7 24. Qg5 f6 25. Bb1+ Kh8 26. Nf7+ Kg8 27. Qxh5 Qxe3+ 28.
Kf1 Rxf7 29. Bh7+ Kf8 30. Ne4 Ne5 31. Re1 Qd3+ 32. Kg1 Qc2 33. Bf5 g6 34. Qh6+
Ke7 35. Bxg6 Nxg6 36. Qxg6 Kf8 37. Qh6+ Rg7 38. Qxf6+ Kg8 39. Qe6+ Kh8 40. Qh6+
Rh7 41. Qf6+ Rg7 42. Qh6+ Kg8 43. Qe6+ Kh8 44. Qh6+ Kg8 45. Qe6+ Kh7 46. Qf5+
Kh8 47. Qh5+ Rh7 48. Qg5 Bxe4 49. Qf6+ Rg7 50. Rxe4 Qxg2# 0-1

[Event "Challenge"]
[Site "http://www.queenalice.com/game.php?id=1633077"]
[Date "2020.11.15"]
[Round "-"]
[White "cristal_negro"]
[Black "antcabral"]
[Result "0-1"]
[WhiteElo "1893"]
[BlackElo "1738"]

1. e4 e5 2. Nf3 Nc6 3. c3 Nf6 4. Be2 Bc5 5. d3 h6 6. O-O Ng4 7. d4 Bb6 8. h3 h5
9. h4 Qf6 10. d5 Ne7 11. Bg5 Qg6 12. Bxe7 Kxe7 13. Nbd2 d6 14. Nc4 Bc5 15. b4
Bb6 16. Nxb6 axb6 17. Bd3 f6 18. Nd2 Bd7 19. Qf3 Nh6 20. Rfe1 Bg4 21. Qg3 Qe8
22. f3 Bd7 23. c4 Rg8 24. b5 g5 25. Nf1 gxh4 26. Qxh4 Qg6 27. Re2 Ra3 28. Rd1
Raa8 29. Ne3 Rg7 30. Rdd2 c5 31. dxc6 bxc6 32. Nd1 c5 33. Ne3 Ra3 34. Nd5+ Kf7
35. Nxb6 Be8 36. Rf2 Ra7 37. Nc8 Rd7 38. b6 Kf8 39. Rb2 Rb7 40. Nxd6 Rb8 41.
Nxe8 Qxe8 42. Qxf6+ Nf7 43. b7 Qd7 44. Qa6 Qxd3 45. Qa8 Qd1+ 46. Kh2 Qd6 47.
Rbd2 Qc7 48. Rb2 Nd8 49. Rfd2 Nxb7 50. Rb5 Rxa8 0-1